000 00944nam a22002175i 4500
001 159975
003 ES-MaACL
005 20250618063030.0
008 950206s1847 sp |||| | spa d
100 1 _aMonlau, Pedro Felipe,
_d1808-1871
_982226
245 1 0 _aElementos de higiene pública /
_cpor D. Pedro Felipe Monlau.
260 _aBarcelona :
_b[s.n.],
_c1847 (
_fImp. de D. Pablo Riera)
300 _a2 v. (XI, 894 p.) ;
_c20 cm.
505 8 _aContiene: Sección primera. Atmosferología . Sección segunda. Cosmetología . Sección tercera. Bromatología . Sección cuarta. Gimnástica . Sección quinta. Perceptología
530 _aDisponible en formato digital.
650 4 _aSalud pública.
_916973
650 4 _aSalubridad pública.
_9142699
852 _aES-MaACL
_jG-11416
_z- Enc. hol.
856 _uhttp://bdh-rd.bne.es/viewer.vm?id=0000014931&page=1
_zBiblioteca Digital Hispánica
999 _c159975
_d159975